Čtvrtá revoluce jak infosféra mění tvář lidské reality

Na minha lista:
Detalhes bibliográficos
Autor principal: Floridi, Luciano
Outros Autores: Pelikán, Čestmír
Formato: Livro
Idioma:tcheco
Publicado em: Praha Univerzita Karlova. Nakladatelství Karolinum 2019
Edição:1. vydání
Colecção:Studia nových médií
Assuntos:
Tags: Adicionar Tag
Sem tags, seja o primeiro a adicionar uma tag!

MARC

LEADER 00000nam a2200000 4500
001 0268647
005 20240221112632.5
020 |a 978-80-246-3803-4 
020 |a 978-80-246-3820-1 
041 0 |a cze 
044 |a CZ 
245 1 0 |a Čtvrtá revoluce  |b jak infosféra mění tvář lidské reality  |c Luciano Floridi ; přeložil: Čestmír Pelikán 
250 |a 1. vydání 
264 1 |a Praha  |b Univerzita Karlova. Nakladatelství Karolinum  |c 2019 
300 |a 273 s. 
490 1 |a Studia nových médií 
830 0 |a Studia nových médií 
610 2 0 |a technológie informačné 
610 2 0 |a technológie komunikačné 
610 2 0 |a vývoj 
610 2 0 |a internet 
610 2 0 |a revolúcia vedeckotechnická 
610 2 0 |a dôsledky sociálne 
610 2 0 |a správanie sociálne 
610 2 0 |a digitalizácia 
610 2 0 |a prostredie životné 
610 2 0 |a etika 
100 1 |a Floridi, Luciano 
700 1 |a Pelikán, Čestmír